000 00549nam 22001573 4500
001 32687
090 _a32687
100 _a20260407d1992 u||y0engy50 ba
101 _aeng
102 _aBE
200 _aResearch programme in the fisheries sector 1988-1992
_eSynopsis of far projects
_fA. Laurec
_gCommission of the European communities
210 _aBelgica, Bruxelas
_cCommission of the European Communities
_d1992
215 _a255 p.
_d31 cm
700 _aLaurec
_bA.
701 _bW. J. Brugge
710 _aFAR (Fisheries and Aquaculture Research)